[Event "POL-chT 2nd League"]
[Site "Polanica Zdroj"]
[Date "2004.09.09"]
[Round "8"]
[White "Warszawski, Bartosz"]
[Black "Rakowiecki, Tomasz"]
[Result "1/2-1/2"]
[WhiteElo "2343"]
[BlackElo "2348"]
[PlyCount "60"]
[EventDate "2004.09.04"]
[EventType "team-swiss"]
[EventRounds "11"]
[EventCountry "POL"]
[SourceTitle "CBM 102 Extra"]
[Source "ChessBase"]
[SourceDate "2004.11.03"]
[SourceVersion "1"]
[SourceVersionDate "2004.11.03"]
[SourceQuality "1"]
[WhiteTeam "Warszawa YMCA"]
[BlackTeam "Lodz AZS Politechnika"]
[WhiteTeamCountry "POL"]
[BlackTeamCountry "POL"]

1. e4 c5 2. Nf3 Nc6 3. d4 cxd4 4. Nxd4 g6 5. c4 Nf6 6. Nc3 d6 7. Be2 Bg7 8. Be3 0-0 9. 0-0 Bd7 10. Rc1 Nxd4 11. Bxd4 Bc6 12. f3 a5 13. Nd5 Nd7 14. Bxg7 Kxg7 15. Qd4+ e5 16. Qd2 Bxd5 17. exd5 f5 18. b3 Qb6+ 19. Kh1 Qb4 20. Qg5 Rf7 21. Bd3 Nc5 22. Bc2 h6 23. Qh4 Qa3 24. Bb1 a4 25. bxa4 Qxa4 26. f4 e4 27. g4 fxg4 28. Qxg4 Qd7 29. Qg3 Qf5 30. Rce1 Kh7 1/2-1/2

[Event "POL-chT 2nd League"]
[Site "Polanica Zdroj"]
[Date "2004.09.06"]
[Round "3"]
[White "Rakowiecki, Tomasz"]
[Black "Karbowiak, Adam"]
[Result "1/2-1/2"]
[WhiteElo "2348"]
[BlackElo "2256"]
[PlyCount "21"]
[EventDate "2004.09.04"]
[EventType "team-swiss"]
[EventRounds "11"]
[EventCountry "POL"]
[SourceTitle "CBM 102 Extra"]
[Source "ChessBase"]
[SourceDate "2004.11.03"]
[SourceVersion "1"]
[SourceVersionDate "2004.11.03"]
[SourceQuality "1"]
[WhiteTeam "Lodz AZS Politechnika"]
[BlackTeam "Solec Kujawski"]
[WhiteTeamCountry "POL"]
[BlackTeamCountry "POL"]

1. e4 e6 2. d4 d5 3. Nc3 Bb4 4. Nge2 dxe4 5. a3 Be7 6. Nxe4 Bd7 7. Bf4 Bc6 8. Qd3 Bxe4 9. Qxe4 c6 10. Qd3 Nf6 11. Nc3 1/2-1/2

[Event "POL-chT 58th 1st League"]
[Site "Ustron"]
[Date "2002.??.??"]
[Round "?"]
[White "Rakowiecki, Tomasz"]
[Black "Skalik, Przemyslaw"]
[Result "1-0"]
[WhiteElo "2344"]
[BlackElo "2414"]
[PlyCount "65"]
[EventDate "2002.09.07"]
[EventType "team-tourn"]
[EventRounds "9"]
[EventCountry "POL"]
[SourceTitle "EXT 2019"]
[Source "ChessBase"]
[SourceDate "2018.10.10"]
[SourceVersion "1"]
[SourceVersionDate "2018.10.10"]
[SourceQuality "1"]
[WhiteTeam "Bydgoszcz Centrum"]
[BlackTeam "Kozuchow Odrodzenie"]
[WhiteTeamCountry "POL"]
[BlackTeamCountry "POL"]

1. e4 d6 2. d4 Nf6 3. Nc3 e5 4. Nf3 Nbd7 5. Bc4 Be7 6. 0-0 0-0 7. Qe2 c6 8. a4 b6 9. Rd1 Qc7 10. Ba2 a6 11. h3 Bb7 12. dxe5 dxe5 13. Nh4 b5 14. Nf5 Bc5 15. Qf3 g6 16. Bh6 Rfd8 17. Ne3 Bd4 18. Ng4 Qd6 19. Rxd4 exd4 20. e5 Nxe5 21. Qxf6 Qxf6 22. Nxf6+ Kh8 23. Nce4 Bc8 24. Bf4 Nc4 25. Bxc4 bxc4 26. Bc7 Be6 27. Bxd8 Rxd8 28. Rd1 Kg7 29. Ng4 f5 30. Ng5 Bd5 31. Rxd4 Rb8 32. Ne3 Rxb2 33. Nxd5 1-0

[Event "Lodz-ch"]
[Site "Lodz"]
[Date "1998.??.??"]
[Round "?"]
[White "Rakowiecki, Tomasz"]
[Black "Gawronski, Miroslaw"]
[Result "1-0"]
[WhiteElo "2315"]
[BlackElo "2185"]
[PlyCount "73"]
[EventDate "1998.??.??"]
[EventType "tourn"]
[EventRounds "11"]
[EventCountry "POL"]
[SourceTitle "EXT 2002"]
[Source "ChessBase"]
[SourceDate "2001.11.25"]
[SourceVersion "1"]
[SourceVersionDate "2001.11.25"]
[SourceQuality "1"]

1. e4 Nf6 2. e5 Nd5 3. d4 c5 4. c4 Nb4 5. dxc5 Qa5 6. Nc3 d6 7. Nf3 Bf5 8. Nd4 Bg6 9. a3 dxe5 10. Nb3 Nc2+ 11. Qxc2 Bxc2 12. Nxa5 b6 13. Nd5 bxa5 14. Nc7+ Kd7 15. Nxa8 Be4 16. b4 Bxa8 17. b5 e6 18. c6+ Kc7 19. Be3 a6 20. a4 Bb4+ 21. Bd2 Rd8 22. Bxb4 axb4 23. Rd1 Re8 24. Kd2 a5 25. Bd3 g6 26. Rhe1 f6 27. g4 Nxc6 28. bxc6 Bxc6 29. g5 Kd6 30. gxf6 Rf8 31. Kc1 Rxf6 32. Be4+ Kc5 33. Bxc6 Kxc6 34. Rxe5 Rxf2 35. Rd2 Rf4 36. Rxe6+ Kc5 37. Rd5+ 1-0

[Event "Lodz-ch"]
[Site "Lodz"]
[Date "1998.??.??"]
[Round "?"]
[White "Swic, Waldemar"]
[Black "Rakowiecki, Tomasz"]
[Result "1/2-1/2"]
[WhiteElo "2320"]
[BlackElo "2315"]
[PlyCount "25"]
[EventDate "1998.??.??"]
[EventType "tourn"]
[EventRounds "11"]
[EventCountry "POL"]
[SourceTitle "EXT 2002"]
[Source "ChessBase"]
[SourceDate "2001.11.25"]
[SourceVersion "1"]
[SourceVersionDate "2001.11.25"]
[SourceQuality "1"]

1. e4 c5 2. Nf3 Nc6 3. d4 cxd4 4. Nxd4 Nf6 5. Nc3 e5 6. Ndb5 d6 7. Nd5 Nxd5 8. exd5 Nb8 9. c4 a6 10. Nc3 Be7 11. Be2 0-0 12. 0-0 Nd7 13. Be3 1/2-1/2

[Event "Lodz-ch"]
[Site "Lodz"]
[Date "1997.??.??"]
[Round "?"]
[White "Bednarek, Sylwester"]
[Black "Rakowiecki, Tomasz"]
[Result "1/2-1/2"]
[WhiteElo "2325"]
[BlackElo "2315"]
[PlyCount "44"]
[EventDate "1997.??.??"]
[EventType "tourn"]
[EventRounds "11"]
[EventCountry "POL"]
[SourceTitle "EXT 2002"]
[Source "ChessBase"]
[SourceDate "2001.11.25"]
[SourceVersion "1"]
[SourceVersionDate "2001.11.25"]
[SourceQuality "1"]

1. d4 g6 2. e4 Bg7 3. c4 d6 4. Nc3 Nf6 5. Nf3 0-0 6. h3 e5 7. d5 Nh5 8. Nh2 a5 9. g3 Na6 10. Be2 Nc5 11. Bxh5 gxh5 12. g4 hxg4 13. hxg4 c6 14. Qf3 Qh4 15. Bd2 b5 16. cxb5 cxb5 17. Nxb5 f5 18. gxf5 Nxe4 19. Be3 Bxf5 20. Nf1 Qe7 21. a4 Rac8 22. Ng3 Bg6 1/2-1/2

[Event "Lodz-ch"]
[Site "Lodz"]
[Date "1997.??.??"]
[Round "?"]
[White "Rakowiecki, Tomasz"]
[Black "Balcerowski, Witold"]
[Result "1/2-1/2"]
[WhiteElo "2315"]
[BlackElo "2240"]
[PlyCount "48"]
[EventDate "1997.??.??"]
[EventType "tourn"]
[EventRounds "11"]
[EventCountry "POL"]
[SourceTitle "EXT 2002"]
[Source "ChessBase"]
[SourceDate "2001.11.25"]
[SourceVersion "1"]
[SourceVersionDate "2001.11.25"]
[SourceQuality "1"]

1. Nf3 g6 2. c4 c5 3. d4 Bg7 4. d5 Nf6 5. Nc3 d6 6. e4 0-0 7. h3 e6 8. Bd3 Na6 9. 0-0 Nc7 10. Rb1 a6 11. a4 b6 12. Bg5 h6 13. Be3 e5 14. Qd2 Kh7 15. b4 a5 16. bxa5 bxa5 17. Nb5 Na6 18. Kh2 Nb4 19. Ng1 Nh5 20. Be2 Nf4 21. g3 Nxe2 22. Nxe2 f5 23. f3 f4 24. Bf2 g5 1/2-1/2

[Event "Lodz-ch"]
[Site "Lodz"]
[Date "1997.??.??"]
[Round "?"]
[White "Rakowiecki, Tomasz"]
[Black "Gawronski, Miroslaw"]
[Result "1-0"]
[WhiteElo "2315"]
[BlackElo "2205"]
[PlyCount "71"]
[EventDate "1997.??.??"]
[EventType "tourn"]
[EventRounds "11"]
[EventCountry "POL"]
[SourceTitle "EXT 2002"]
[Source "ChessBase"]
[SourceDate "2001.11.25"]
[SourceVersion "1"]
[SourceVersionDate "2001.11.25"]
[SourceQuality "1"]

1. e4 e5 2. Bc4 Nf6 3. d3 Bc5 4. Nf3 Nc6 5. 0-0 0-0 6. c3 d5 7. exd5 Nxd5 8. Re1 Nb6 9. Bg5 Qd7 10. Bb3 Re8 11. a4 a5 12. Bh4 Bd6 13. Nbd2 h6 14. Ne4 Bf8 15. h3 Nd5 16. d4 exd4 17. Nxd4 Ne5 18. Nf3 c6 19. Nxe5 Rxe5 20. Bg3 Re7 21. Qd4 Qf5 22. Rad1 Be6 23. Nc5 Rae8 24. Bd6 b6 25. Bxe7 bxc5 26. Bxc5 Nf4 27. Bxf8 Rxf8 28. Re5 Qf6 29. Bxe6 fxe6 30. Re3 Qg5 31. Qe4 Rf5 32. Rg3 Qh4 33. Qxc6 Ne2+ 34. Kh2 Rf6 35. Qe8+ Kh7 36. Rxg7+ 1-0

[Event "Lodz-ch"]
[Site "Lodz"]
[Date "1997.??.??"]
[Round "?"]
[White "Swic, Waldemar"]
[Black "Rakowiecki, Tomasz"]
[Result "1/2-1/2"]
[WhiteElo "2325"]
[BlackElo "2315"]
[PlyCount "63"]
[EventDate "1997.??.??"]
[EventType "tourn"]
[EventRounds "11"]
[EventCountry "POL"]
[SourceTitle "EXT 2002"]
[Source "ChessBase"]
[SourceDate "2001.11.25"]
[SourceVersion "1"]
[SourceVersionDate "2001.11.25"]
[SourceQuality "1"]

1. e4 c5 2. Nf3 Nc6 3. d4 cxd4 4. Nxd4 e5 5. Nb5 Nf6 6. N1c3 d6 7. Bg5 a6 8. Na3 b5 9. Nd5 Be7 10. Bxf6 Bxf6 11. g3 0-0 12. Bg2 Bg5 13. 0-0 Ne7 14. Nxe7+ Qxe7 15. c3 Rb8 16. Nc2 a5 17. Re1 Be6 18. Ne3 Rfc8 19. Nd5 Qb7 20. Qh5 Bxd5 21. Qxg5 Be6 22. Red1 Qc7 23. Qd2 Rb6 24. a3 h6 25. h3 Bb3 26. Re1 Rc6 27. Qe3 Rc5 28. Kh2 Qe7 29. Re2 Qg5 30. f4 Qe7 31. Rae1 exf4 32. gxf4 1/2-1/2

[Event "Lodz-ch"]
[Site "Lodz"]
[Date "1996.??.??"]
[Round "?"]
[White "Gawronski, Miroslaw"]
[Black "Rakowiecki, Tomasz"]
[Result "0-1"]
[WhiteElo "2245"]
[BlackElo "2325"]
[PlyCount "100"]
[EventDate "1996.??.??"]
[EventType "tourn"]
[EventRounds "11"]
[EventCountry "POL"]
[SourceTitle "EXT 2001"]
[Source "ChessBase"]
[SourceDate "2000.11.22"]
[SourceVersion "1"]
[SourceVersionDate "2000.11.22"]
[SourceQuality "1"]

1. d4 Nf6 2. c4 g6 3. Nc3 Bg7 4. e4 d6 5. g3 0-0 6. Bg2 Nc6 7. Nge2 e5 8. d5 Nd4 9. Nxd4 exd4 10. Ne2 c5 11. dxc6 bxc6 12. Qxd4 Re8 13. Qd3 Ba6 14. 0-0 d5 15. exd5 cxd5 16. Be3 Bxc4 17. Qd2 Ng4 18. Rfe1 Nxe3 19. fxe3 Rb8 20. Nd4 Qb6 21. b3 Rxe3 22. bxc4 Rxe1+ 23. Rxe1 Qxd4+ 24. Qxd4 Bxd4+ 25. Kh1 dxc4 26. Bd5 c3 27. Bb3 Rb7 28. Re8+ Kg7 29. Rc8 Re7 30. Kg2 Re2+ 31. Kf3 Rxh2 32. Ke4 Bf6 33. Rc7 Re2+ 34. Kd3 Re7 35. Rxe7 Bxe7 36. Kxc3 f5 37. Be6 Kf6 38. Bc8 h5 39. Kd3 Bd6 40. g4 hxg4 41. Ke3 Ke5 42. a4 Bc5+ 43. Ke2 Kf4 44. Be6 Kg3 45. Bf7 g5 46. Bg6 f4 47. Kf1 Kh2 48. Bh5 Kh3 49. a5 f3 50. a6 Bb6 0-1

[Event "Bielsko Biala op"]
[Site "Bielsko Biala"]
[Date "1990.??.??"]
[Round "10"]
[White "Rakowiecki, Tomasz"]
[Black "Jaworski, Miroslaw"]
[Result "1/2-1/2"]
[WhiteElo "2320"]
[BlackElo "2290"]
[PlyCount "85"]
[EventDate "1990.??.??"]
[EventType "swiss"]
[EventRounds "11"]
[EventCountry "POL"]
[SourceTitle "EXT 1997"]
[Source "ChessBase"]
[SourceDate "1996.11.15"]
[SourceVersion "1"]
[SourceVersionDate "1996.11.15"]
[SourceQuality "1"]

1. e4 c5 2. Nf3 d6 3. d4 cxd4 4. Nxd4 Nf6 5. Nc3 a6 6. Be3 e5 7. Nf3 Be7 8. Bc4 Be6 9. Bxe6 fxe6 10. Ng5 Qd7 11. Qf3 d5 12. exd5 exd5 13. 0-0-0 d4 14. Nce4 0-0 15. Bd2 Nxe4 16. Qxe4 Bxg5 17. Bxg5 Rxf2 18. Qxe5 Rxg2 19. Rxd4 Nc6 20. Rxd7 Nxe5 21. Rd8+ Rxd8 22. Bxd8 Nc6 23. Bb6 Nb4 24. Ba5 Rxc2+ 25. Kb1 Rc4 26. Rd1 Nc6 27. Bc3 Re4 28. Kc2 Re2+ 29. Kb3 Rxh2 30. Rd7 Rg2 31. Rxb7 h5 32. Rc7 Rg6 33. Bxg7 Na5+ 34. Ka4 Rxg7 35. Rc8+ Kh7 36. Kxa5 Rg6 37. b4 h4 38. a4 Kh6 39. Rc5 Rg4 40. b5 axb5 41. axb5 h3 42. Rc1 Kh5 43. b6 1/2-1/2

[Event "Bielsko Biala op"]
[Site "Bielsko Biala"]
[Date "1990.??.??"]
[Round "4"]
[White "Skrobek, Ryszard"]
[Black "Rakowiecki, Tomasz"]
[Result "1-0"]
[WhiteElo "2405"]
[BlackElo "2320"]
[PlyCount "61"]
[EventDate "1990.??.??"]
[EventType "swiss"]
[EventRounds "11"]
[EventCountry "POL"]
[SourceTitle "EXT 1997"]
[Source "ChessBase"]
[SourceDate "1996.11.15"]
[SourceVersion "1"]
[SourceVersionDate "1996.11.15"]
[SourceQuality "1"]

1. e4 c5 2. Nf3 e6 3. d4 cxd4 4. Nxd4 a6 5. Nc3 d6 6. Bc4 Nf6 7. Bb3 Nc6 8. Be3 Na5 9. f4 Qc7 10. 0-0 b5 11. f5 e5 12. Nde2 Nxb3 13. cxb3 Bb7 14. Rc1 Qd8 15. Bg5 b4 16. Nd5 Bxd5 17. exd5 Qb6+ 18. Kh1 Ne4 19. Bh4 Be7 20. Qc2 Nc5 21. f6 gxf6 22. Bxf6 Bxf6 23. Rxf6 Ra7 24. Ng3 Rd7 25. Qf5 Rf8 26. Qxe5+ dxe5 27. Rxb6 Rxd5 28. Rb8+ Ke7 29. Nf5+ Kf6 30. Rxf8 Kxf5 31. Rxf7+ 1-0

[Event "Lodz"]
[Site "Lodz"]
[Date "1989.??.??"]
[Round "12"]
[White "Rakowiecki, Tomasz"]
[Black "Praszak, Michal"]
[Result "1/2-1/2"]
[WhiteElo "2320"]
[BlackElo "2335"]
[PlyCount "27"]
[EventDate "1989.??.??"]
[EventType "tourn"]
[EventRounds "13"]
[EventCountry "POL"]
[EventCategory "5"]
[SourceTitle "EXT 1999"]
[Source "ChessBase"]
[SourceDate "1998.11.16"]
[SourceVersion "1"]
[SourceVersionDate "1998.11.16"]
[SourceQuality "1"]

1. e4 c5 2. Nf3 d6 3. d4 cxd4 4. Nxd4 Nf6 5. Nc3 g6 6. Be3 Bg7 7. f3 0-0 8. Qd2 Nc6 9. Bc4 Bd7 10. 0-0-0 Rc8 11. Bb3 Ne5 12. h4 Nc4 13. Bxc4 Rxc4 14. g4 1/2-1/2

[Event "Lodz"]
[Site "Lodz"]
[Date "1989.??.??"]
[Round "4"]
[White "Roesch, Arnd"]
[Black "Rakowiecki, Tomasz"]
[Result "1-0"]
[WhiteElo "2295"]
[BlackElo "2320"]
[PlyCount "95"]
[EventDate "1989.??.??"]
[EventType "tourn"]
[EventRounds "13"]
[EventCountry "POL"]
[EventCategory "5"]
[SourceTitle "EXT 1999"]
[Source "ChessBase"]
[SourceDate "1998.11.16"]
[SourceVersion "1"]
[SourceVersionDate "1998.11.16"]
[SourceQuality "1"]

1. d4 Nf6 2. Nc3 d5 3. Bg5 Nbd7 4. Nf3 c6 5. Qd3 h6 6. Bh4 Qa5 7. e3 Ne4 8. Be2 Ndf6 9. Bxf6 exf6 10. Nd2 Nxd2 11. Qxd2 Bd6 12. e4 dxe4 13. Nxe4 Qxd2+ 14. Nxd2 Bf5 15. 0-0-0 0-0-0 16. Bf3 Rd7 17. g3 Rhd8 18. c3 Be6 19. Kb1 f5 20. Rhe1 f4 21. g4 Bf8 22. b4 Kc7 23. Kb2 Be7 24. Nb3 b6 25. Nc1 g5 26. b5 Bd5 27. Bxd5 cxd5 28. Re5 Bf6 29. Rf5 Bg7 30. Re1 Kd6 31. Nd3 Kc7 32. Nb4 Bf8 33. Nc6 Ra8 34. f3 a6 35. a4 axb5 36. axb5 Ba3+ 37. Kb3 Bd6 38. Rxd5 Ra3+ 39. Kb2 Ra8 40. Rf5 Ba3+ 41. Kb3 Bd6 42. Rf6 Bf8 43. Ne5 Re7 44. Rxf7 Rxf7 45. Nxf7 Ra5 46. Re8 Bd6 47. Kc4 Ra2 48. Kd5 1-0

[Event "Porabka"]
[Site "Porabka"]
[Date "1987.??.??"]
[Round "2"]
[White "Bielczyk, Jacek"]
[Black "Rakowiecki, Tomasz"]
[Result "1/2-1/2"]
[WhiteElo "2385"]
[BlackElo "2365"]
[PlyCount "33"]
[EventDate "1987.??.??"]
[EventType "tourn"]
[EventRounds "13"]
[EventCountry "POL"]
[EventCategory "6"]
[SourceTitle "EXT 1997"]
[Source "ChessBase"]
[SourceDate "1996.11.15"]
[SourceVersion "1"]
[SourceVersionDate "1996.11.15"]
[SourceQuality "1"]

1. e4 c5 2. Nf3 e6 3. d4 cxd4 4. Nxd4 a6 5. Bd3 Nf6 6. 0-0 d6 7. Qe2 b6 8. f4 Bb7 9. c3 e5 10. fxe5 dxe5 11. Nb3 Nbd7 12. N1d2 Be7 13. Nc4 0-0 14. Bg5 Ne8 15. Be3 Qc7 16. Qf2 b5 17. Nb6 1/2-1/2

[Event "Porabka"]
[Site "Porabka"]
[Date "1987.??.??"]
[Round "10"]
[White "Rakowiecki, Tomasz"]
[Black "Halasz, Tamas"]
[Result "0-1"]
[WhiteElo "2365"]
[BlackElo "2400"]
[PlyCount "112"]
[EventDate "1987.??.??"]
[EventType "tourn"]
[EventRounds "13"]
[EventCountry "POL"]
[EventCategory "6"]
[SourceTitle "EXT 1997"]
[Source "ChessBase"]
[SourceDate "1996.11.15"]
[SourceVersion "1"]
[SourceVersionDate "1996.11.15"]
[SourceQuality "1"]

1. e4 e5 2. Nf3 Nf6 3. Nxe5 d6 4. Nf3 Nxe4 5. Nc3 Nxc3 6. dxc3 Nc6 7. Be3 Be7 8. Qd2 Bf5 9. 0-0-0 Qd7 10. Nd4 Nxd4 11. Bxd4 0-0 12. g4 Be4 13. Rg1 Qa4 14. Kb1 Bg5 15. Be3 Bxe3 16. fxe3 Rae8 17. Bd3 Re5 18. Rdf1 Qe8 19. Rg3 Qe6 20. Qf2 Re8 21. Re1 Ra5 22. a3 Re5 23. h3 a5 24. Qe2 b6 25. Bxe4 Rxe4 26. Rf3 f6 27. Qd3 Qe5 28. Re2 Qe6 29. Re1 Re5 30. Qd2 d5 31. Qd3 Re4 32. Qb5 Rb8 33. Qa6 Rc4 34. Rd1 Qc6 35. a4 Qe6 36. Rf5 c6 37. Qa7 Qc8 38. Qe7 Rxa4 39. Rdf1 Re4 40. Qd6 Rxe3 41. g5 Re6 42. Qg3 fxg5 43. Qxg5 Qd8 44. Qg4 Re7 45. c4 d4 46. Rf8+ Qxf8 47. Rxf8+ Rxf8 48. Qxd4 c5 49. Qd6 Rb7 50. Qc6 Rbb8 51. Qc7 h6 52. h4 b5 53. cxb5 Rxb5 54. c4 Rb4 55. Qxc5 Rfb8 56. Qxa5 Rxb2+ 0-1

[Event "POL-ch sf"]
[Site "Gdynia"]
[Date "1987.??.??"]
[Round "5"]
[White "Rakowiecki, Tomasz"]
[Black "Jasnikowski, Zbigniew"]
[Result "1-0"]
[WhiteElo "2365"]
[BlackElo "2375"]
[PlyCount "53"]
[EventDate "1987.??.??"]
[EventType "swiss"]
[EventRounds "13"]
[EventCountry "POL"]
[SourceTitle "EXT 1998"]
[Source "ChessBase"]
[SourceDate "1997.11.17"]
[SourceVersion "1"]
[SourceVersionDate "1997.11.17"]
[SourceQuality "1"]

1. e4 c5 2. Nf3 e6 3. d4 cxd4 4. Nxd4 Nc6 5. Nc3 d6 6. Be3 Nf6 7. Be2 Be7 8. f4 0-0 9. Bf3 Qc7 10. Qe2 a6 11. 0-0-0 Nxd4 12. Rxd4 e5 13. fxe5 dxe5 14. Rc4 Qb8 15. Bb6 Bd6 16. Rd1 Be6 17. Nd5 Bxd5 18. exd5 Nd7 19. Bf2 f5 20. g4 e4 21. Bg2 Ne5 22. Rcd4 g6 23. gxf5 gxf5 24. Bxe4 fxe4 25. Rxe4 Nf3 26. Be3 Qc7 27. Rf1 1-0

[Event "POL-chT 43rd"]
[Site "Jachranka"]
[Date "1987.??.??"]
[Round "5"]
[White "Rakowiecki, Tomasz"]
[Black "Kozlowski, Waldemar"]
[Result "0-1"]
[WhiteElo "2325"]
[BlackElo "2285"]
[PlyCount "78"]
[EventDate "1987.09.23"]
[EventType "team-tourn"]
[EventRounds "11"]
[EventCountry "POL"]
[SourceTitle "EXT 2019"]
[Source "ChessBase"]
[SourceDate "2018.10.10"]
[SourceVersion "1"]
[SourceVersionDate "2018.10.10"]
[SourceQuality "1"]
[WhiteTeam "Lodz Anilana"]
[BlackTeam "Bydgoszcz Chemik"]
[WhiteTeamCountry "POL"]
[BlackTeamCountry "POL"]

1. e4 c5 2. Nf3 e6 3. d4 cxd4 4. Nxd4 Nc6 5. Nc3 a6 6. Be2 d6 7. Be3 Nf6 8. f4 Be7 9. Qd2 0-0 10. 0-0-0 Nxd4 11. Bxd4 b5 12. Bf3 b4 13. Na4 Rb8 14. Qf2 Qa5 15. b3 Bb7 16. Rhe1 Rbc8 17. Kb1 e5 18. fxe5 dxe5 19. Bb2 Rc6 20. Rd5 Nxd5 21. exd5 Bc5 22. Qe2 Rg6 23. Bh5 Rg5 24. h4 Rf5 25. Bg4 Rf4 26. g3 Rf6 27. Qxe5 Bd6 28. Qd4 Bxg3 29. Rd1 Bd6 30. h5 Qc7 31. h6 Re8 32. hxg7 Rf4 33. Qg1 Ree4 34. Bh5 Bc8 35. Rf1 Bh3 36. Rxf4 Rxf4 37. Be2 Bf5 38. Bd3 Bxd3 39. cxd3 Rf3 0-1

[Event "Porabka"]
[Site "Porabka"]
[Date "1987.??.??"]
[Round "11"]
[White "Riemersma, Liafbern"]
[Black "Rakowiecki, Tomasz"]
[Result "1/2-1/2"]
[WhiteElo "2395"]
[BlackElo "2365"]
[PlyCount "74"]
[EventDate "1987.??.??"]
[EventType "tourn"]
[EventRounds "13"]
[EventCountry "POL"]
[EventCategory "6"]
[SourceTitle "EXT 1997"]
[Source "ChessBase"]
[SourceDate "1996.11.15"]
[SourceVersion "1"]
[SourceVersionDate "1996.11.15"]
[SourceQuality "1"]

1. e4 c5 2. Nf3 Nc6 3. Nc3 e5 4. Bc4 d6 5. h3 h6 6. Nh2 Nf6 7. d3 Be7 8. f4 exf4 9. Bxf4 Be6 10. Nd5 Qd7 11. Nf3 Bxd5 12. Bxd5 Nxd5 13. exd5 Nb4 14. 0-0 Nxd5 15. Bd2 0-0 16. c4 Nc7 17. Bc3 d5 18. Ne5 Qd6 19. Qh5 Bf6 20. Rae1 Rae8 21. cxd5 Bxe5 22. Rxe5 Rxe5 23. Qxe5 Qxe5 24. Bxe5 Nxd5 25. Bd6 Rc8 26. Rf5 Nb4 27. d4 Nxa2 28. Bxc5 b6 29. Ba3 Rd8 30. d5 b5 31. Be7 Rd7 32. d6 f6 33. Rxb5 Nc1 34. Rb8+ Kf7 35. Rf8+ Ke6 36. Rg8 Kf7 37. Rf8+ Ke6 1/2-1/2

[Event "Porabka"]
[Site "Porabka"]
[Date "1987.??.??"]
[Round "9"]
[White "Seifert, Henryk"]
[Black "Rakowiecki, Tomasz"]
[Result "1-0"]
[WhiteElo "2260"]
[BlackElo "2365"]
[PlyCount "53"]
[EventDate "1987.??.??"]
[EventType "tourn"]
[EventRounds "13"]
[EventCountry "POL"]
[EventCategory "6"]
[SourceTitle "EXT 1997"]
[Source "ChessBase"]
[SourceDate "1996.11.15"]
[SourceVersion "1"]
[SourceVersionDate "1996.11.15"]
[SourceQuality "1"]

1. e4 c5 2. Nf3 e6 3. c3 Nf6 4. e5 Nd5 5. d4 cxd4 6. cxd4 Nc6 7. a3 d6 8. Bd3 dxe5 9. dxe5 g6 10. 0-0 Bg7 11. Re1 0-0 12. Be4 Nde7 13. Bf4 h6 14. h3 g5 15. Bh2 Qxd1 16. Rxd1 Ng6 17. Bxg6 fxg6 18. Nbd2 Ne7 19. Nc4 Nd5 20. Ne3 Nxe3 21. fxe3 Rf7 22. Rd8+ Rf8 23. Rd6 Rf7 24. Rad1 Rc7 25. Rd8+ Kf7 26. Nd4 a6 27. Rf1+ 1-0